00781nam a2200253Ia 4500003000400000005001700004008004000021020001800061040000700079041000800086082001300094100002600107245002400133260004400157300001500201650002200216650002200238690003200260700003200292906001100324942001200335999001900347952016100366OSt20250816092509.0210210b2012 xxu||||| |||| 00| 0 eng d a9788120343085 cAL aeng a546 SAHI aSahoo Balaram9235805 aInorganic chemistry aNew DelhibPHI Learning Pvt. Ltd.c2012 axxxv,1036p aInorganic9235806 achemistry9235807 aInorganic Chemistry9235808 aNayak, Nimai Charan9235809 a067855 2ddccBK c152169d152169 001040738ChemistryaALbALcRSd2021-02-17ePrajwal Book Distributors, Bangalore-560061g595.00l0o546 SAHIp067855r2021-02-17 00:00:00w2021-02-17yBK